000 00859nam a2200229Ii 4500
003 JO-AjNU
008 230605s9999||||xx |||||||||||||| ||und||
017 _a2021/6/3232
020 _a978-9923-39-066-5
040 _aJO-AjNU
_bara
_erda
_cJO-AjNU
041 _aara
050 1 4 _aPJ6151.2022
100 3 _aتأليف سليمان، حليم حماد,
_eauthor
_962987
245 0 0 _aأبحاث في فقه اللغة والنحو العربي
250 _aالطبعة الاولى
264 3 1 _aعمان: دار امجد للنشر والتوزيع، 2022
300 _a184ص
_bيحتوي على مراجع وهوامش من ص180-184ص
336 _atext
_btxt
_2rdacontent
337 _aunmediated
_bn
_2rdamedia
338 _avolume
_bnc
_2rdacarrier
650 4 _aعلم اللغة-النحو-قواعد اللغة-اللغة العربية
_962988
999 _aA28548
_c32116
_d32116